Európa bude kontinentom príležitostí

Pružnosť pracovných trhov. Význam obmedzovania pohybu ľudí pri hľadaní práce. Reformy na trhu práce. Ciele Lisabonskej stratégie v oblasti zamestnanosti a sociálnej súdržnosti.

Saved in:
Bibliographic Details
Main Author: Žitňanský, Eduard
Format: Book Chapter
Language:Slovak
Subjects:
Tags: Add Tag
No Tags, Be the first to tag this record!

MARC

LEADER 00000naa$a2200000$$$4500
001 0053636
005 20231009072108.8
041 0 |a slo 
044 |a SK 
245 1 0 |a Európa bude kontinentom príležitostí 
520 |a Pružnosť pracovných trhov. Význam obmedzovania pohybu ľudí pri hľadaní práce. Reformy na trhu práce. Ciele Lisabonskej stratégie v oblasti zamestnanosti a sociálnej súdržnosti. 
610 2 0 |a sily pracovné 
610 2 0 |a Európa 
610 2 0 |a trh práce 
610 2 0 |a zamestnanosť 
610 2 0 |a reformy 
100 1 |a Žitňanský, Eduard